000 00627nam a2200181 i 4500
001 35511
003 ES-MaACL
005 20230906155137.0
007 t|
008 030213s1961 sp ||||1| spa d
100 1 _aBosqued Aznar, Francisco.
_930701
245 1 0 _aOposiciones a contadores del Estado
_b: contestaciones a los temas de contabilidad /
_cFrancisco Bosqued Aznar. Derecho mercantil por Salvador Ortola Navarro.
260 _aMadrid :
_bJurispericia,
_c[1961]
300 _a211 p. ;
_c24 cm.
700 1 _aOrtola Navarro, Salvador.
_987666
740 0 _aDerecho mercantil.
852 _aES-MaACL
_jC-20955
_bR.49336
999 _c35511
_d35511